000 00337pab a2200145 454500
008 180718b2017 xxu||||| |||| 00| 0 eng d
100 _aBanerjee, Trina Nileena
245 _aCarceral or sex-positive?
260 _c2017
300 _ap.67-75.
362 _aMar
650 _aSexual behaviour
773 _aSeminar
909 _a113959
999 _c113953
_d113953